000 00536nam a2200169Ia 4500
008 090711s9999 xx 000 0 und d
082 _b15478
100 _aSोंदवणकर सदानंद
245 _aआमSया दहा देवता
260 _c1964
300 _a114
600 _aSोंदवणकर सदानंद
630 _aआमSया दहा देवता
700 _aSोंदवणकर सदानंद
730 _aआमSया दहा देवता
942 _cBOOK
999 _c295389
_d295389